Uplatnění absolventů vysokých technických škol strojního zaměření na trhu práce v ČR /

Hlavní autor: Mádlová, Danuše, 1947-
Další autoři: Svobodová, Jaroslava, 1983-
Jazyk: Čeština
Vydáno: V Ústí nad Labem : Univerzita J.E. Purkyně, Fakulta strojního inženýrství, 2017
Vydání: 1. vydání
Témata:
Fyzický popis: 123 stran : barevné ilustrace ; 26 cm
Language note: České a anglické resumé
Knihy
Uloženo v:
LEADER 02032nam a2200565 i 4500
001 nkc20182970781
003 CZ PrNK
005 20180321093027.0
007 ta
008 180312s2017 xr a f 000 0 cze
015 |a cnb002970781 
020 |a 978-80-7561-098-0  |q (brožováno) 
035 |a (OCoLC)1031054266 
040 |a ABA001  |b cze  |e rda 
041 0 |a cze  |b cze  |b eng 
043 |a e-xr--- 
072 7 |a 331  |x Práce  |2 Konspekt  |9 4 
080 |a 331.5  |2 MRF 
080 |a 378-057.8  |2 MRF 
080 |a 378.6:62  |2 MRF 
080 |a 331.53  |2 MRF 
080 |a (437.3)  |2 MRF 
080 |a (048.8)  |2 MRF 
100 1 |a Mádlová, Danuše,  |d 1947-  |7 ntka173476  |4 aut 
245 1 0 |a Uplatnění absolventů vysokých technických škol strojního zaměření na trhu práce v ČR /  |c Danuše Mádlová, Jaroslava Svobodová 
250 |a 1. vydání 
264 1 |a V Ústí nad Labem :  |b Univerzita J.E. Purkyně, Fakulta strojního inženýrství,  |c 2017 
300 |a 123 stran :  |b barevné ilustrace ;  |c 26 cm 
336 |a text  |b txt  |2 rdacontent 
337 |a bez média  |b n  |2 rdamedia 
338 |a svazek  |b nc  |2 rdacarrier 
500 |a 200 výtisků 
504 |a Obsahuje bibliografii 
546 |a České a anglické resumé 
650 0 7 |a trh práce  |7 ph116483  |z Česko  |2 czenas 
650 0 7 |a absolventi vysokých škol  |7 ph118242  |z Česko  |2 czenas 
650 0 7 |a vysoké technické školy  |7 ph127286  |z Česko  |2 czenas 
650 0 7 |a profesní uplatnění  |7 ph134653  |z Česko  |2 czenas 
650 0 9 |a labor market  |z Czechia  |2 eczenas 
650 0 9 |a college graduates  |z Czechia  |2 eczenas 
650 0 9 |a technical universities  |z Czechia  |2 eczenas 
650 0 9 |a employment  |z Czechia  |2 eczenas 
655 7 |a monografie  |7 fd132842  |2 czenas 
655 9 |a monographs  |2 eczenas 
700 1 |a Svobodová, Jaroslava,  |d 1983-  |7 xx0192279  |4 aut 
910 2 |a BOA001  |b 3-1404.353 
990 |a BK 
995 |a 01 
991 |b 201803  |c NOV 
996 6 |b 2610737159  |c 3-1404.353  |l MZK  |r Sklad / do 1 hodiny  |n 0  |p p.v.  |w 001655638  |u 000010  |a 1  |e BOA001  |j MZK50  |s P